[Event "Stay Safe Play From Home 174"]
[Site "T#646332Emanuel Laske"]
[Date "2020.05.25"]
[Round "3"]
[White "Haris kollari 13"]
[Black "Don59as"]
[Result "0-1"]
[WhiteElo "1913"]
[BlackElo "2039"]
[Annotator "NA"]
[PlyCount "64"]
[EventDate "2020.05.25"]
[EventType "swiss (blitz)"]

1. e4 {[%emt 0:00:01]} e5 {[%emt 0:00:10]} 2. Nf3 {[%emt 0:00:02]} Nc6 {[%emt 0:00:01]} 3. Bb5 {[%emt 0:00:01]} f5 {[%emt 0:00:01]} 4. exf5 {[%emt 0:00:03]} e4 {[%emt 0:00:01]} 5. Qe2 {[%emt 0:00:01]} Qe7 {[%emt 0:00:01]} 6. Bxc6 {[%emt 0:00:02]} dxc6 {[%emt 0:00:01]} 7. Nd4 {[%emt 0:00:00]} Nf6 {[%emt 0:00:01]} 8. O-O {[%emt 0:00:03]} Qe5 {[%emt 0:00:01]} 9. c3 {[%emt 0:00:01]} Bd6 {[%emt 0:00:02]} 10. g3 {[%emt 0:00:01]} Bxf5 {[%emt 0:00:03]} 11. Re1 {[%emt 0:00:01]} O-O-O {[%emt 0:00:05]} 12. d3 {[%emt 0:00:07]} Rhe8 {[%emt 0:00:09]} 13. Bf4 {[%emt 0:00:11]} Qd5 {[%emt 0:00:07]} 14. Nxf5 {[%emt 0:00:13]} Qxf5 {[%emt 0:00:13]} 15. Bxd6 {[%emt 0:00:08]} Rxd6 {[%emt 0:00:01]} 16. d4 {[%emt 0:00:01]} e3 {[%emt 0:00:12]} 17. f3 {[%emt 0:00:11]} c5 {[%emt 0:00:08]} 18. dxc5 {[%emt 0:00:09]} Qxc5 {[%emt 0:00:01]} 19. Kg2 {[%emt 0:00:02]} h5 {[%emt 0:00:11]} 20. h4 {[%emt 0:00:02]} Qc6 {[%emt 0:00:09]} 21. Rd1 {[%emt 0:00:20]} Rxd1 {[%emt 0:00:04]} 22. Qxd1 {[%emt 0:00:02]} e2 {[%emt 0:00:01]} 23. Qe1 {[%emt 0:00:02]} Qb5 {[%emt 0:00:17]} 24. b3 {[%emt 0:00:10]} Qc5 {[%emt 0:00:05]} 25. a4 {[%emt 0:00:05]} Nd5 {[%emt 0:00:03]} 26. Ra2 {[%emt 0:00:15]} Qe3 {[%emt 0:00:10]} 27. c4 {[%emt 0:00:11]} Nf6 {[%emt 0:00:06]} 28. Nc3 {[%emt 0:00:04]} Qxc3 {[%emt 0:00:03]} 29. Rd2 {[%emt 0:00:20]} Qxd2 {[%emt 0:00:04]} 30. Qxd2 {[%emt 0:00:01]} e1=Q {[%emt 0:00:02]} 31. Qf4 {[%emt 0:00:03]} Re2+ {[%emt 0:00:02]} 32. Kh3 {[%emt 0:00:01]} Qf1# {[%emt 0:00:01] (Lag: Av=0.51s, max=0.7s)} 0-1

[Event "Stay Safe Play From Home 174"]
[Site "T#646332Emanuel Laske"]
[Date "2020.05.25"]
[Round "3"]
[White "Greblah"]
[Black "Golem974"]
[Result "1-0"]
[WhiteElo "1885"]
[BlackElo "1921"]
[Annotator "NA"]
[PlyCount "95"]
[EventDate "2020.05.25"]
[EventType "swiss (blitz)"]

1. e4 {[%emt 0:00:01]} e5 {[%emt 0:00:02]} 2. Nf3 {[%emt 0:00:02]} Nc6 {[%emt 0:00:01]} 3. Bb5 {[%emt 0:00:01]} a6 {[%emt 0:00:00]} 4. Ba4 {[%emt 0:00:01]} Nf6 {[%emt 0:00:01]} 5. Qe2 {[%emt 0:00:01]} b5 {[%emt 0:00:01]} 6. Bb3 {[%emt 0:00:03]} Be7 {[%emt 0:00:00]} 7. c3 {[%emt 0:00:02]} O-O {[%emt 0:00:01]} 8. d3 {[%emt 0:00:01]} d6 {[%emt 0:00:01]} 9. Nbd2 {[%emt 0:00:01]} Na5 {[%emt 0:00:02]} 10. Bc2 {[%emt 0:00:01]} c5 {[%emt 0:00:00]} 11. Nf1 {[%emt 0:00:01]} Re8 {[%emt 0:00:03]} 12. Bg5 {[%emt 0:00:01]} h6 {[%emt 0:00:01]} 13. Bh4 {[%emt 0:00:01]} g6 {[%emt 0:00:04]} 14. h3 {[%emt 0:00:04]} Bf8 {[%emt 0:00:02]} 15. Ne3 {[%emt 0:00:04]} Bg7 {[%emt 0:00:03]} 16. Ng4 {[%emt 0:00:01]} Bxg4 {[%emt 0:00:06]} 17. hxg4 {[%emt 0:00:02]} g5 {[%emt 0:00:01]} 18. Bg3 {[%emt 0:00:09]} Nxg4 {[%emt 0:00:01]} 19. O-O-O {[%emt 0:00:06]} Nf6 {[%emt 0:00:04]} 20. Nh2 {[%emt 0:00:03]} Qd7 {[%emt 0:00:03]} 21. f3 {[%emt 0:00:01]} Nc6 {[%emt 0:00:03]} 22. Ng4 {[%emt 0:00:01]} Nxg4 {[%emt 0:00:03]} 23. fxg4 {[%emt 0:00:01]} Re6 {[%emt 0:00:03]} 24. Rdf1 {[%emt 0:00:02]} Qe7 {[%emt 0:00:05]} 25. Rf5 {[%emt 0:00:03]} Rf8 {[%emt 0:00:06]} 26. Bb3 {[%emt 0:00:01]} Rf6 {[%emt 0:00:05]} 27. Rhf1 {[%emt 0:00:03]} Rxf5 {[%emt 0:00:04]} 28. Rxf5 {[%emt 0:00:01]} Qe8 {[%emt 0:00:06]} 29. Qf2 {[%emt 0:00:03]} Na5 {[%emt 0:00:08]} 30. Bd5 {[%emt 0:00:02]} Nc6 {[%emt 0:00:03]} 31. Bh2 {[%emt 0:00:06]} Ne7 {[%emt 0:00:01]} 32. Rf3 {[%emt 0:00:03]} Nxd5 {[%emt 0:00:01]} 33. exd5 {[%emt 0:00:01]} Qc8 {[%emt 0:00:06]} 34. Qg3 {[%emt 0:00:03]} c4 {[%emt 0:00:02]} 35. d4 {[%emt 0:00:05]} a5 {[%emt 0:00:05]} 36. Qe1 {[%emt 0:00:03]} Qxg4 {[%emt 0:00:08]} 37. dxe5 {[%emt 0:00:06]} dxe5 {[%emt 0:00:04]} 38. Bxe5 {[%emt 0:00:01]} Re8 {[%emt 0:00:01]} 39. Re3 {[%emt 0:00:04]} Rxe5 {[%emt 0:00:02]} 40. Rxe5 {[%emt 0:00:02]} Qf4+ {[%emt 0:00:01]} 41. Re3 {[%emt 0:00:02]} b4 {[%emt 0:00:05]} 42. Kc2 {[%emt 0:00:04]} bxc3 {[%emt 0:00:07]} 43. bxc3 {[%emt 0:00:01]} Kh7 {[%emt 0:00:05]} 44. Re7 {[%emt 0:00:07]} Kg6 {[%emt 0:00:16]} 45. Qe4+ {[%emt 0:00:01]} Qxe4+ {[%emt 0:00:01]} 46. Rxe4 {[%emt 0:00:01]} Bf8 {[%emt 0:00:02]} 47. Rxc4 {[%emt 0:00:01]} Bd6 {[%emt 0:00:02]} 48. Rc6 {[%emt 0:00:01] Golem974 abandonne (Lag: Av=0.38s, max=0.7s)} 1-0

[Event "Stay Safe Play From Home 174"]
[Site "T#646332Emanuel Laske"]
[Date "2020.05.25"]
[Round "3"]
[White "Lucknow"]
[Black "Weltszmerc"]
[Result "1/2-1/2"]
[WhiteElo "1883"]
[BlackElo "2137"]
[Annotator "TA"]
[PlyCount "50"]
[EventDate "2020.05.25"]
[EventType "swiss (blitz)"]

{[%evp 15,50,10,60,15,31,7,-18,-29,59,35,55,16,29,0,10,6,24,0,12,-64,-63,-61,-62,-164,42,33,29,28,30,-3,77,72,47,44,42,51,43]} 1. d4 b6 2. Nf3 Bb7 3. g3 Nf6 4. Bg2 e6 5. O-O Be7 6. c4 O-O 7. Nc3 Ne4 8. Qc2 {8.Bd2 is the hot move.} f5 9. Re1 {E19: Queen's Indian: Old Main Line with 7...Ne4 8 Qc2 Nxc3 8 Qxc3.} Bf6 10. Nd2 {[%cal Rd2e4]} d5 {[#]} 11. e3 $146 {The position is equal.} ({Predecessor:} 11. cxd5 exd5 12. Nf3 Kh8 13. Bf4 g5 14. Be5 g4 15. Bxf6+ Qxf6 16. Ne5 c5 17. e3 cxd4 18. exd4 {0-1 (24) Gonzalez Marrero,J (2304)-Gutierrez Olivares,D (2115) El Sauzal 2007}) 11... Nxd2 (11... Na6 $11) 12. Bxd2 $14 c6 13. Kh1 Nd7 14. b3 g6 15. Rad1 Bg7 16. f3 Nf6 17. e4 (17. Ne2 $11) 17... fxe4 $15 18. fxe4 Ng4 {Hoping for ...Nf2+.} 19. Bf4 {[#]} (19. Be3 $1 $15) 19... g5 $2 ({Better is} 19... Rxf4 $1 $19 {[%mdl 512]} 20. gxf4 Qh4) 20. Qe2 $14 h5 21. Be3 dxc4 22. bxc4 Nxe3 (22... c5 $1 $11 23. e5 Nxe3 24. Qxe3 cxd4 25. Rxd4 Bxg2+ 26. Kxg2 Qe7) 23. Qxe3 $16 Qe7 24. e5 c5 $1 25. d5 {Strongly threatening d6.} Rf5 {Accuracy: White = 55%, Black = 73%.} 1/2-1/2

[Event "Stay Safe Play From Home 174"]
[Site "T#646332Emanuel Laske"]
[Date "2020.05.25"]
[Round "3"]
[White "Patzeroglu"]
[Black "Tunca"]
[Result "1-0"]
[WhiteElo "1820"]
[BlackElo "1798"]
[Annotator "NA RC"]
[PlyCount "59"]
[EventDate "2020.05.25"]
[EventType "swiss (blitz)"]

1. e4 {[%emt 0:00:01]} Nf6 {[%emt 0:00:03]} 2. e5 {[%emt 0:00:02]} Nd5 {[%emt 0:00:01]} 3. c4 {[%emt 0:00:00]} Nb6 {[%emt 0:00:01]} 4. c5 {[%emt 0:00:00]} Nd5 {[%emt 0:00:01]} 5. Nc3 {[%emt 0:00:00]} Nxc3 {[%emt 0:00:07]} 6. dxc3 {[%emt 0:00:01]} d6 {[%emt 0:00:01]} 7. Bc4 {[%emt 0:00:03]} e6 {[%emt 0:00:07]} 8. cxd6 {[%emt 0:00:05]} cxd6 {[%emt 0:00:00]} 9. exd6 {[%emt 0:00:01]} Qxd6 {[%emt 0:00:07]} 10. Be3 {[%emt 0:00:05]} Be7 {[%emt 0:00:06]} 11. Qxd6 {[%emt 0:00:02]} Bxd6 {[%emt 0:00:00]} 12. O-O-O {[%emt 0:00:00]} Be7 {[%emt 0:00:07]} 13. Nf3 {[%emt 0:00:01]} O-O {[%emt 0:00:02]} 14. Nd4 {[%emt 0:00:05]} Nd7 {[%emt 0:00:05]} 15. Nxe6 {[%emt 0:00:03]} fxe6 {[%emt 0:00:16]} 16. Bxe6+ {[%emt 0:00:03]} Kh8 {[%emt 0:00:08]} 17. Bxd7 {[%emt 0:00:01]} Bf6 {[%emt 0:00:09]} 18. Rhe1 {[%emt 0:00:08]} Rd8 {[%emt 0:00:08]} 19. Bxc8 {[%emt 0:00:05]} Raxc8 {[%emt 0:00:00]} 20. Rxd8+ {[%emt 0:00:01]} Rxd8 {[%emt 0:00:00]} 21. Rd1 {[%emt 0:00:01]} Rc8 {[%emt 0:00:03]} 22. Rd7 {[%emt 0:00:01]} b5 {[%emt 0:00:09]} 23. Bxa7 {[%emt 0:00:10]} b4 {[%emt 0:00:01]} 24. Bd4 {[%emt 0:00:14]} bxc3 {[%emt 0:00:13]} 25. Bxf6 {[%emt 0:00:08]} cxb2+ {[%emt 0:00:02]} 26. Kxb2 {[%emt 0:00:03]} gxf6 {[%emt 0:00:04]} 27. a4 {[%emt 0:00:02]} Rg8 {[%emt 0:00:10]} 28. g3 {[%emt 0:00:04]} Re8 {[%emt 0:00:04]} 29. a5 {[%emt 0:00:03]} Re5 {[%emt 0:00:07]} 30. a6 {[%emt 0:00:02] Tunca resigns (Lag: Av=0.67s, max=2.7s)} 1-0

[Event "Stay Safe Play From Home 174"]
[Site "T#646332Emanuel Laske"]
[Date "2020.05.25"]
[Round "3"]
[White "matanant"]
[Black "ritwik chess"]
[Result "1-0"]
[WhiteElo "1693"]
[BlackElo "1435"]
[Annotator "NA RC"]
[PlyCount "105"]
[EventDate "2020.05.25"]
[EventType "swiss (blitz)"]

1. e4 {[%emt 0:00:03]} e5 {[%emt 0:00:01]} 2. f4 {[%emt 0:00:03]} exf4 {[%emt 0:00:02]} 3. Nf3 {[%emt 0:00:01]} Nc6 {[%emt 0:00:02]} 4. d4 {[%emt 0:00:02]} d5 {[%emt 0:00:03]} 5. e5 {[%emt 0:00:01]} Bg4 {[%emt 0:00:03]} 6. Be2 {[%emt 0:00:03]} Bb4+ {[%emt 0:00:04]} 7. c3 {[%emt 0:00:02]} Ba5 {[%emt 0:00:01]} 8. O-O {[%emt 0:00:02]} Nge7 {[%emt 0:00:02]} 9. Bxf4 {[%emt 0:00:02]} O-O {[%emt 0:00:02]} 10. Nbd2 {[%emt 0:00:03]} Re8 {[%emt 0:00:04]} 11. h3 {[%emt 0:00:01]} Bxf3 {[%emt 0:00:04]} 12. Nxf3 {[%emt 0:00:03]} Ng6 {[%emt 0:00:02]} 13. Bg3 {[%emt 0:00:02]} Bb6 {[%emt 0:00:03]} 14. Kh1 {[%emt 0:00:02]} h6 {[%emt 0:00:06]} 15. Bd3 {[%emt 0:00:03]} Nge7 {[%emt 0:00:03]} 16. Bc2 {[%emt 0:00:03]} Qd7 {[%emt 0:00:02]} 17. Qd3 {[%emt 0:00:06]} Ng6 {[%emt 0:00:06]} 18. Nh4 {[%emt 0:00:04]} Re6 {[%emt 0:00:11]} 19. Nxg6 {[%emt 0:00:05]} fxg6 {[%emt 0:00:00]} 20. Rf3 {[%emt 0:00:06]} Ne7 {[%emt 0:00:06]} 21. Raf1 {[%emt 0:00:00]} Nf5 {[%emt 0:00:01]} 22. Qd2 {[%emt 0:00:06]} Nxg3+ {[%emt 0:00:03]} 23. Rxg3 {[%emt 0:00:01]} Rf8 {[%emt 0:00:04]} 24. Rxf8+ {[%emt 0:00:09]} Kxf8 {[%emt 0:00:00]} 25. Bxg6 {[%emt 0:00:03]} Qc6 {[%emt 0:00:08]} 26. Qf4+ {[%emt 0:00:10]} Ke7 {[%emt 0:00:05]} 27. Qf7+ {[%emt 0:00:01]} Kd8 {[%emt 0:00:03]} 28. Bf5 {[%emt 0:00:01]} Re7 {[%emt 0:00:03]} 29. Qg8+ {[%emt 0:00:09]} Re8 {[%emt 0:00:01]} 30. Qh7 {[%emt 0:00:01]} Qb5 {[%emt 0:00:09]} 31. Qxg7 {[%emt 0:00:05]} Re7 {[%emt 0:00:05]} 32. Qf6 {[%emt 0:00:01]} Qf1+ {[%emt 0:00:06]} 33. Kh2 {[%emt 0:00:03]} Qf4 {[%emt 0:00:02]} 34. e6 {[%emt 0:00:21]} c5 {[%emt 0:00:07]} 35. Qf8+ {[%emt 0:00:02]} Re8 {[%emt 0:00:02]} 36. e7+ {[%emt 0:00:01]} Kc7 {[%emt 0:00:04]} 37. Qxe8 {[%emt 0:00:01]} Kd6 {[%emt 0:00:16]} 38. dxc5+ {[%emt 0:00:09]} Kxc5 {[%emt 0:00:05]} 39. Qc8+ {[%emt 0:00:03]} Bc7 {[%emt 0:00:02]} 40. e8=Q {[%emt 0:00:01]} Qxg3+ {[%emt 0:00:02]} 41. Kg1 {[%emt 0:00:01]} Qh2+ {[%emt 0:00:02]} 42. Kf2 {[%emt 0:00:01]} Qf4+ {[%emt 0:00:02]} 43. Ke2 {[%emt 0:00:02]} Qc4+ {[%emt 0:00:03]} 44. Kd2 {[%emt 0:00:03]} Qf4+ {[%emt 0:00:02]} 45. Qe3+ {[%emt 0:00:04]} Qxe3+ {[%emt 0:00:03]} 46. Kxe3 {[%emt 0:00:00]} Kd6 {[%emt 0:00:03]} 47. Qf8+ {[%emt 0:00:01]} Kc6 {[%emt 0:00:03]} 48. Kd4 {[%emt 0:00:01]} Bb6+ {[%emt 0:00:01]} 49. Ke5 {[%emt 0:00:02]} a6 {[%emt 0:00:00]} 50. Qd6+ {[%emt 0:00:02]} Kb5 {[%emt 0:00:00]} 51. a4+ {[%emt 0:00:03]} Ka5 {[%emt 0:00:00]} 52. Bc2 {[%emt 0:00:00]} Bg1 {[%emt 0:00:03]} 53. Qb4# {[%emt 0:00:01] (Lag: Av=1.47s, max=2.5s)} 1-0

[Event "Stay Safe Play From Home 174"]
[Site "T#646332Emanuel Laske"]
[Date "2020.05.25"]
[Round "3"]
[White "Trotsky"]
[Black "Haxhi Baha"]
[Result "0-1"]
[WhiteElo "1546"]
[BlackElo "1781"]
[Annotator "NA RC"]
[PlyCount "56"]
[EventDate "2020.05.25"]
[EventType "swiss (blitz)"]

1. d4 {[%emt 0:01:08]} d5 {[%emt 0:00:03]} 2. e3 {[%emt 0:00:01]} e6 {[%emt 0:00:01]} 3. c4 {[%emt 0:00:01]} c5 {[%emt 0:00:01]} 4. Nc3 {[%emt 0:00:01]} dxc4 {[%emt 0:00:01]} 5. Bxc4 {[%emt 0:00:02]} cxd4 {[%emt 0:00:00]} 6. exd4 {[%emt 0:00:01]} Nf6 {[%emt 0:00:01]} 7. Be3 {[%emt 0:00:01]} Nc6 {[%emt 0:00:01]} 8. Nf3 {[%emt 0:00:01]} Be7 {[%emt 0:00:01]} 9. a3 {[%emt 0:00:01]} O-O {[%emt 0:00:01]} 10. Qc2 {[%emt 0:00:01]} Bd7 {[%emt 0:00:06]} 11. O-O-O {[%emt 0:00:01]} Rc8 {[%emt 0:00:01]} 12. Bd3 {[%emt 0:00:01]} h6 {[%emt 0:00:02]} 13. h4 {[%emt 0:00:01]} Na5 {[%emt 0:00:09]} 14. Ng5 {[%emt 0:00:03]} Nd5 {[%emt 0:00:03]} 15. Bh7+ {[%emt 0:00:02]} Kh8 {[%emt 0:00:01]} 16. Bg8 {[%emt 0:00:01]} Nf6 {[%emt 0:00:06]} 17. Bxf7 {[%emt 0:00:02]} b5 {[%emt 0:00:13]} 18. Qd3 {[%emt 0:00:02]} b4 {[%emt 0:00:06]} 19. axb4 {[%emt 0:00:02]} Bxb4 {[%emt 0:00:01]} 20. Kb1 {[%emt 0:00:01]} Qe7 {[%emt 0:00:08]} 21. Bg6 {[%emt 0:00:03]} Bxc3 {[%emt 0:00:03]} 22. Rc1 {[%emt 0:00:08]} Bxb2 {[%emt 0:00:07]} 23. Rxc8 {[%emt 0:00:02]} Rxc8 {[%emt 0:00:01]} 24. Nf7+ {[%emt 0:00:01]} Kg8 {[%emt 0:00:02]} 25. Nxh6+ {[%emt 0:00:04]} gxh6 {[%emt 0:00:02]} 26. Bxh6 {[%emt 0:00:02]} Qb4 {[%emt 0:00:04]} 27. Ka2 {[%emt 0:00:12]} Bxd4 {[%emt 0:00:17]} 28. Bd2 {[%emt 0:00:07]} Qb2# {[%emt 0:00:02] (Lag: Av=0.75s, max=1.8s)} 0-1

[Event "Stay Safe Play From Home 174"]
[Site "T#646332Emanuel Laske"]
[Date "2020.05.25"]
[Round "3"]
[White "Aktürk"]
[Black "Archi-ak"]
[Result "0-1"]
[WhiteElo "1472"]
[BlackElo "1853"]
[Annotator "NA RC"]
[PlyCount "60"]
[EventDate "2020.05.25"]
[EventType "swiss (blitz)"]

1. e3 {[%emt 0:00:01]} e5 {[%emt 0:00:01]} 2. Qf3 {[%emt 0:00:01]} d5 {[%emt 0:00:03]} 3. Nc3 {[%emt 0:00:01]} Nf6 {[%emt 0:00:02]} 4. Qg3 {[%emt 0:00:01]} Nc6 {[%emt 0:00:03]} 5. Be2 {[%emt 0:00:01]} g6 {[%emt 0:00:05]} 6. Nb5 {[%emt 0:00:03]} Bg7 {[%emt 0:00:02]} 7. b3 {[%emt 0:00:05]} O-O {[%emt 0:00:03]} 8. Bb2 {[%emt 0:00:02]} Qe7 {[%emt 0:00:03]} 9. Ba3 {[%emt 0:00:06]} Nb4 {[%emt 0:00:04]} 10. Nc3 {[%emt 0:00:11]} Nxc2+ {[%emt 0:00:10]} 11. Kd1 {[%emt 0:00:06]} Nxa3 {[%emt 0:00:02]} 12. Nf3 {[%emt 0:00:04]} Ne4 {[%emt 0:00:06]} 13. Nxe4 {[%emt 0:00:03]} dxe4 {[%emt 0:00:00]} 14. Ne1 {[%emt 0:00:06]} Be6 {[%emt 0:00:11]} 15. h4 {[%emt 0:00:02]} h5 {[%emt 0:00:04]} 16. Rc1 {[%emt 0:00:20]} c6 {[%emt 0:00:01]} 17. Rf1 {[%emt 0:00:06]} Rad8 {[%emt 0:00:02]} 18. f4 {[%emt 0:00:02]} exf4 {[%emt 0:00:04]} 19. Qxf4 {[%emt 0:00:03]} Qb4 {[%emt 0:00:04]} 20. Rc3 {[%emt 0:00:29]} Bxc3 {[%emt 0:00:07]} 21. d3 {[%emt 0:00:18]} exd3 {[%emt 0:00:06]} 22. Nxd3 {[%emt 0:00:03]} Qxf4 {[%emt 0:00:04]} 23. exf4 {[%emt 0:00:04]} Bf5 {[%emt 0:00:03]} 24. Rf3 {[%emt 0:00:05]} Bf6 {[%emt 0:00:03]} 25. Ke1 {[%emt 0:00:07]} Nc2+ {[%emt 0:00:04]} 26. Kf1 {[%emt 0:00:05]} Nd4 {[%emt 0:00:01]} 27. Rg3 {[%emt 0:00:07]} Nxe2 {[%emt 0:00:01]} 28. Kxe2 {[%emt 0:00:02]} Rxd3 {[%emt 0:00:02]} 29. Rxd3 {[%emt 0:00:01]} Bxd3+ {[%emt 0:00:00]} 30. Kxd3 {[%emt 0:00:01]} Rd8+ {[%emt 0:00:00] Aktürk terk eder (Lag: Av=0.67s, max=0.9s)} 0-1

[Event "Stay Safe Play From Home 174"]
[Site "T#646332Emanuel Laske"]
[Date "2020.05.25"]
[Round "3"]
[White "Justwatch"]
[Black "Kongle"]
[Result "0-1"]
[WhiteElo "1446"]
[BlackElo "1875"]
[Annotator "NA RC"]
[PlyCount "34"]
[EventDate "2020.05.25"]
[EventType "swiss (blitz)"]

1. e4 {[%emt 0:00:07]} e5 {[%emt 0:00:03]} 2. Bc4 {[%emt 0:00:02]} Nf6 {[%emt 0:00:02]} 3. Nc3 {[%emt 0:00:01]} c6 {[%emt 0:00:03]} 4. d3 {[%emt 0:00:00]} d5 {[%emt 0:00:01]} 5. exd5 {[%emt 0:00:02]} cxd5 {[%emt 0:00:01]} 6. Bb5+ {[%emt 0:00:00]} Nc6 {[%emt 0:00:01]} 7. Bxc6+ {[%emt 0:00:01]} bxc6 {[%emt 0:00:01]} 8. Nf3 {[%emt 0:00:00]} Bd6 {[%emt 0:00:02]} 9. O-O {[%emt 0:00:01]} Bg4 {[%emt 0:00:01]} 10. h3 {[%emt 0:00:03]} Bh5 {[%emt 0:00:02]} 11. Re1 {[%emt 0:00:02]} O-O {[%emt 0:00:04]} 12. Qd2 {[%emt 0:00:02]} Bxf3 {[%emt 0:00:03]} 13. gxf3 {[%emt 0:00:00]} Qd7 {[%emt 0:00:01]} 14. Kh2 {[%emt 0:00:02]} Nh5 {[%emt 0:00:02]} 15. Kg2 {[%emt 0:00:00]} Nf4+ {[%emt 0:00:01]} 16. Kf1 {[%emt 0:00:04]} Qxh3+ {[%emt 0:00:01]} 17. Kg1 {[%emt 0:00:02]} Qg2# {[%emt 0:00:01] (Lag: Av=0.48s, max=0.8s)} 0-1

[Event "Stay Safe Play From Home 174"]
[Site "T#646332Emanuel Laske"]
[Date "2020.05.25"]
[Round "4"]
[White "Don59as"]
[Black "Greblah"]
[Result "1-0"]
[WhiteElo "2051"]
[BlackElo "1904"]
[Annotator "NA"]
[PlyCount "31"]
[EventDate "2020.05.25"]
[EventType "swiss (blitz)"]

1. c4 {[%emt 0:00:09]} c6 {[%emt 0:00:00]} 2. e4 {[%emt 0:00:02]} d5 {[%emt 0:00:00]} 3. cxd5 {[%emt 0:00:00]} cxd5 {[%emt 0:00:01]} 4. e5 {[%emt 0:00:00]} e6 {[%emt 0:00:01]} 5. Nf3 {[%emt 0:00:01]} Bd7 {[%emt 0:00:01]} 6. d4 {[%emt 0:00:01]} Nc6 {[%emt 0:00:01]} 7. Nc3 {[%emt 0:00:01]} Bb4 {[%emt 0:00:02]} 8. Bd3 {[%emt 0:00:01]} Nge7 {[%emt 0:00:01]} 9. O-O {[%emt 0:00:01]} O-O {[%emt 0:00:02]} 10. Bg5 {[%emt 0:00:02]} Qa5 {[%emt 0:00:02]} 11. Qc2 {[%emt 0:00:03]} g6 {[%emt 0:00:04]} 12. Bf6 {[%emt 0:00:09]} Rac8 {[%emt 0:00:10]} 13. Qd2 {[%emt 0:00:01]} Bxc3 {[%emt 0:00:01]} 14. Qh6 {[%emt 0:00:04]} Nf5 {[%emt 0:00:15]} 15. Bxf5 {[%emt 0:00:03]} Bxd4 {[%emt 0:00:04]} 16. Qg7# {[%emt 0:00:03] (Lag: Av=0.36s, max=0.7s)} 1-0

[Event "Stay Safe Play From Home 174"]
[Site "T#646332Emanuel Laske"]
[Date "2020.05.25"]
[Round "4"]
[White "Lazieri3"]
[Black "Aktürk"]
[Result "1-0"]
[WhiteElo "2042"]
[BlackElo "1468"]
[Annotator "TA"]
[PlyCount "99"]
[EventDate "2020.05.25"]
[EventType "swiss (blitz)"]

{[%evp 9,99,102,95,45,92,102,96,70,116,37,99,81,165,118,287,287,249,-8,274,266,260,278,376,376,508,475,462,51,368,0,359,301,336,274,375,267,257,278,304,256,324,322,356,281,285,197,191,-145,0,0,480,473,443,-53,-92,-191,-152,-218,-213,-299,-247,-452,-366,-599,-60,-58,-68,-54,-4,-26,0,0,12,12,12,12,156,150,1624,1467,1438,1031,1604,1647,5800,4904,29971,29972,29974,29975,29972,12484]} 1. e4 e6 2. Nc3 Qf6 3. d3 Nc6 4. Nf3 {[#]} b6 $146 ({Predecessor:} 4... Qd8 5. d4 Nf6 6. Bg5 d5 7. Nxd5 exd5 8. exd5 Nxd5 9. Bxd8 Nxd8 10. Bc4 Nb4 11. O-O Bf5 12. Qe2+ Ne6 {1-0 (12) Hauptfleisch,H-Bhana,S Durban 2014}) 5. Bg5 Qg6 6. h4 {C00: French: Unusual White 2nd moves.} (6. Nb5 {feels hotter.} Bd6 7. h4 h6 8. h5 Qh7 9. Bh4) 6... h6 7. h5 Qh7 8. Bf4 {aiming for Nb5.White is better.} Bd6 9. e5 $40 {[%mdl 128] White has some attack.} ({Better is} 9. Bxd6 $16 cxd6 10. d4) 9... Be7 (9... Bb4 $14) 10. d4 {Black must now prevent Bd3.} Qf5 (10... Nb4 $16) 11. g3 {Threatens to win with Nh4.} Bb7 $2 (11... Nb4 $16) 12. Bd3 $18 Qg4 {next ...Nxd4 is good for Black.} 13. Ne4 $2 (13. Be2 $18 Nb4 14. Nh4 Qxf4 15. gxf4 Bxh1 16. Nf3) 13... Nxd4 $2 {[%mdl 8192]} (13... Nb4 $11) 14. Nxd4 Qxd1+ 15. Rxd1 c5 16. Nb5 Kd8 {and the idea ...c4 leaves Black hopeful.} 17. Nbd6 Bxd6 18. exd6 $2 (18. Nxd6 $18 Bxh1 19. Nxf7+ {[%mdl 64] Double Attack} Kc7 20. Ke2) 18... Rc8 $2 {[%mdl 8192] [#]} ({Black should play} 18... c4 $14) 19. O-O $2 (19. f3 $1 $18) 19... f5 $2 {[%mdl 8192]} (19... c4 $11 {and Black stays safe.}) 20. Nc3 Nf6 21. Nb5 a6 22. Nc3 Nxh5 23. Be5 Rg8 24. Rfe1 g5 25. Be2 Ng7 26. Bf6+ Ke8 27. f4 gxf4 28. g4 $2 (28. Rf1 $18) 28... fxg4 (28... Nh5 $17 29. Be5 f3) 29. Bd3 $11 {Threatening mate with Bg6+.} Nf5 $2 {[%mdl 8192]} (29... Nh5 $11 {and Black has nothing to worry.} 30. Be7 Kf7) 30. Bxf5 $1 $18 Kf7 31. Bh7 $2 (31. Be4 $18) 31... Kxf6 $15 32. Bxg8 (32. Rf1 $17 {was necessary.} Rg7 33. Be4 Bxe4 34. Nxe4+ Ke5 35. Rde1) 32... Rxg8 $19 33. Ne4+ {[#]} (33. b4 $17) 33... Kf5 $1 {[%mdl 1024] Black has strong compensation.} 34. Nf2 (34. Nd2 $142) 34... g3 35. Nh3 $2 (35. Nd3) 35... f3 36. Rf1 $2 (36. b4) 36... f2+ $2 {[#]} (36... e5 $19 37. Rfe1 Rg4) 37. Nxf2 $1 $15 {[%mdl 512]} gxf2+ 38. Kxf2 {[%mdl 4096] Endgame KRR-KRB} Rg2+ 39. Ke3+ (39. Ke1+ {keeps more tension.} Ke5 40. Rd2 Rg6 41. Rf8 Bd5 42. Rb8) 39... Kg6 (39... Ke5 {is interesting.} 40. Rh1 Rg3+ 41. Kf2 Rf3+ 42. Kg1 Rf6) 40. Rg1 {Hoping for Rxg2+.} Rxg1 41. Rxg1+ $11 {KR-KB} Kf6 42. Rg8 {Strongly threatening Rb8.} Ke5 (42... b5 $11) 43. Rb8 $16 Kxd6 $2 (43... Bd5 $16) 44. Rxb7 {KR-KP} Kc6 45. Rb8 Kc7 46. Rh8 a5 47. Rxh6 b5 {[#]} 48. a4 $1 {White mates.} Kc6 (48... bxa4 49. Ke4) 49. axb5+ Kxb5 50. Rh7 {Accuracy: White = 31%, Black = 18%.} (50. Ke4 $142 c4 51. Kd4 a4 52. Rh5+ Kb4 53. Rc5 c3 54. bxc3+ Ka3 55. Rb5) 1-0